Music Quiz

Random Music or Bands Quiz
Score 0/20 Timer 05:00
6 Plays Today
Question Answer Wrong Answers
Kashmir
Stairway to Heaven
Whole Lotta Love
Led Zeppelin
97.3%
Jet
0.4%
The B-52s
0.5%
Jefferson Airplane
0.8%
ABC
I Want You Back
I'll Be There
The Jackson 5
96.5%
Ace of Base
1.3%
Kings of Leon
1%
Queen
0.7%
Burn
Highway Star
Smoke on the Water
Deep Purple
90.6%
Indigo Girls
1.1%
The Moody Blues
3.3%
Blue Öyster Cult
4.3%
Everybody Wants Some!!
Hot For Teacher
Jump
Van Halen
90.6%
REO Speedwagon
2.5%
Train
1.7%
The Cars
1.9%
Anarchy in the U.K.
God Save the Queen
Pretty Vacant
The Sex Pistols
90.5%
Guns N' Roses
2.9%
Bob Seger & the Silver Bullet Band
1.1%
Velvet Revolver
2.8%
Let's Talk About Sex
Push It
Whatta Man
Salt-N-Pepa
86.6%
Spice Girls
5.2%
Veruca Salt
2%
Red Hot Chili Peppers
3.5%
More Than a Feeling
Peace of Mind
Smokin'
Boston
85.6%
Chicago
8.6%
Berlin
1.9%
Frankie Goes to Hollywood
2.7%
Black Hole Sun
Jesus Christ Pose
Spoonman
Soundgarden
80.6%
Screaming Trees
4.9%
Linkin Park
10%
Kate Bush
1.9%
I Ran (So Far Away)
Space Age Love Song
Wishing
A Flock of Seagulls
69.3%
Counting Crows
11.6%
Eagles
6.6%
The Black Crowes
8.6%
Blind
Falling Away from Me
Freak on a Leash
Korn
68.3%
Smashing Pumpkins
19.5%
The Black Eyed Peas
6.5%
Prefab Sprout
2.6%
I Fought The Law
Peggy Sue
That'll Be The Day
The Crickets
67.6%
The Beatles
11.2%
Adam and the Ants
12.9%
Iron Butterfly
5.2%
Please Don't Go Girl
Step by Step
You Got It (The Right Stuff)
New Kids on the Block
67%
Backstreet Boys
18.6%
Destiny's Child
6.1%
The Offspring
3.8%
I Just Want to Make Love to You
Slow Ride
Stone Blue
Foghat
64.5%
Cutting Crew
11.3%
Blondie
10.6%
Concrete Blonde
8.9%
Buttons
I Hate This Part
When I Grow Up
The Pussycat Dolls
63.9%
Stray Cats
8.5%
Atomic Kitten
18%
Def Leppard
5.4%
Heat of the Moment
Only Time Will Tell
Sole Survivor
Asia
61.9%
Europe
23.2%
America
9.7%
Antarctica
2.2%
1985
Girl All the Bad Guys Want
High School Never Ends
Bowling for Soup
61.8%
Bread
5.9%
Meat Puppets
13.8%
Phish
15.1%
Not Ready to Make Nice
The Long Way Around
You Were Mine
Dixie Chicks
57.4%
Barenaked Ladies
12.3%
Violent Femmes
11%
The Goo Goo Dolls
14.6%
It's a Shame About Ray
Mrs. Robinson
My Drug Buddy
The Lemonheads
54.9%
Tangerine Dream
12%
Blind Melon
18.1%
Bananarama
10.3%
Do You Realize??
Fight Test
Yoshimi Battles The Pink Robots Pt. 1
The Flaming Lips
47.5%
Butthole Surfers
20%
Talking Heads
10.5%
Radiohead
16.7%
Joker & the Thief
New Moon Rising
Woman
Wolfmother
36.6%
Three Dog Night
18.8%
Steppenwolf
31.1%
Fleet Foxes
8.3%
Come Together.
Have Fun.
All Virtual.
We all need to come together. Play Sporcle's virtual live trivia to have fun, connect with people, and get your trivia on. Join a live hosted trivia game for your favorite pub trivia experience done virtually. If a virtual private party is more your thing, go here for details.

You're not logged in!

Compare scores with friends on all Sporcle quizzes.
OR
Log In

Sporcle TV

Today on Sporcle TV


Watch our educational content, quiz creation guides, and fun videos on Sporcle TV.

Show Comments

Extras

Top Quizzes Today


Score Distribution

Paid Content

Your Account Isn't Verified!

In order to create a playlist on Sporcle, you need to verify the email address you used during registration. Go to your Sporcle Settings to finish the process.

Report this User

Report this user for behavior that violates our Community Guidelines.

Details: